01490nam a2200229 a 4500008004100000020001800041041000800059092001600067100002600083245002800109250001100137260004000148300002200188500007000210505046300280590005300743655001700796942001300813999001500826952021000841952020901051161215t2013 ag |||g |||| 00| f spa d a9789500744492 aspa c863l3sALL1 aAllende, Isabel93210 aPaula /cIsabel Allende a1a ed. aBuenos Aires:bSudamericana;c2013. a368 p.c19x13 cm. aAllende, I. (2013). Paula. (1a ed.). Buenos Aires : Sudamericana. aPaula es el libro más conmovedor, más personal y más íntimo de Isabel Allende. Junto al lecho en que agonizaba su hija Paula, la gran narradora chilena escribió la historia de su familia y de si misma con el propósito de regalársela a Paula cuando ésta superara el dramático trance. El resultado se convirtió en un autorretrato de insólita emotividad y en una exquisita recreación de la sensibilidad de las mujeres de nuestra época. aProyecto 4to libro. Donación Ariadna Navarro.. aNovela93091 2ddccLIT c2373d2373 00102ddc40708FICaBFMbBFMcCRd2017-03-02eDonacion Adriana Navarro, Marzo 2017l5m8o863 3 ALLp3835r2021-03-17s2019-11-25tEj.1w2017-03-02yLITzProyecto el 4to libro. Donación Navarro Adriana 00102ddc4070aBFMbBFMcCRd2025-09-22eDonación Guerra, Valeria. Septiembre 2025.l0o863 3 ALLp5110r2025-09-22tEj. 2w2025-09-22yLITzDonación Guerra, Valeria. Septiembre 2025. Sede Tordos.f